000 02814cam a2200601 i 4500
001 xx004855037
003 NUKAT
005 20260427142102.0
008 200506s2020 pl a |001 0 pol c
020 _a9788380988132
_q(oprawa twarda) :
_czł 35,00
035 _a(OCoLC)1156655346
035 _a(NUKAT)xx004855037
040 _aGD U/MJ
_bpol
_erda
_cGD U/MJs
_dPOZN U/EMs
_dWA 14/ABs
_dOLSZT 008/bak
045 2 _bd1940
_bd1943
046 _k2020
100 1 _aKaczmarski, Krzysztof
_d(1965- ).
_eAutor
_920455
245 1 0 _aNie tylko Rothesay :
_boficerskie obozy izolacyjne oraz obóz dyscyplinarny dla żołnierzy Polskich Sił Zbrojnych w Wielkiej Brytanii (1940-1943) /
_cKrzysztof Kaczmarski.
246 3 0 _aOficerskie obozy izolacyjne oraz obóz dyscyplinarny dla żołnierzy Polskich Sił Zbrojnych w Wielkiej Brytanii (1940-1943)
260 _aRzeszów ;
_aWarszawa :
_bInstytut Pamięci Narodowej. Komisja Ścigania Zbrodni przeciwko Narodowi Polskiemu. Oddział w Rzeszowie,
_c2020.
300 _a320 stron, [24] strony tablic ;
_c25 cm.
336 _aTekst
_btxt
_2rdacontent
337 _aBez urządzenia pośredniczącego
_bn
_2rdamedia
338 _aWolumin
_bnc
_2rdacarrier
380 _aKsiążki
380 _aPublikacje naukowe
388 1 _a2001-
490 1 _aSeria Wydawnicza IPN Oddział Rzeszów
504 _aBibliografia na stronach 179-184. Indeksy.
610 2 7 _aObóz dyscyplinarny (Polskie Siły Zbrojne na Zachodzie)
_2DBN
_940681
610 2 7 _aObóz odosobnienia Rothesay
_2DBN
_940682
610 2 7 _aObóz oficerski (Tighnabruaich)
_2DBN
_940683
610 2 7 _aPolskie Siły Zbrojne na Zachodzie
_2DBN
_939620
610 1 7 _aPolska.
_bPolskie Siły Zbrojne na Zachodzie.
_bStacja Zborna Oficerów (Rothesay).
_2kaba
_940684
648 7 _a1901-2000
_2DBN
_934996
648 7 _a1939-1945
_2DBN
_936042
650 7 _aII wojna światowa (1939-1945)
_2DBN
_935099
650 7 _aObozy dla internowanych
_2DBN
_940685
650 7 _aOficerowie
_2DBN
_936620
650 7 _aPolacy za granicą
_2DBN
_935953
650 7 _aWięźniowie polityczni
_2DBN
_937312
650 7 _aOficerowie
_zPolska
_y1900-1945.
_2kaba
_940686
650 7 _aWojna światowa (1939-1945)
_xwięźniowie i więzienia Polaków.
_2kaba
_940687
651 7 _aRothesay (Wielka Brytania)
_2DBN
_940688
651 7 _aSzkocja (Wielka Brytania)
_2DBN
_940689
651 7 _aTighnabruaich (Wielka Brytania)
_2DBN
_940690
655 7 _aMonografia
_2DBN
_935240
658 _aBezpieczeństwo i wojskowość
658 _aHistoria
710 2 _aInstytut Pamięci Narodowej - Komisja Ścigania Zbrodni przeciwko Narodowi Polskiemu.
_bOddział (Rzeszów).
_eWydawca
_4pbl
_918362
830 0 _aSeria Wydawnicza IPN Oddział w Rzeszowie
_919643
920 _a978-83-8098-813-2 (oprawa twarda) : zł 35,00
942 _2ddc
_cBK_NM
999 _c27805
_d27805